Хемометрика. Лабораторный практикум: учебно-методическое пособие

Bibliografiske detaljer
Hovedforfatter: Шачнева Е. Ю.
Summary:В настоящем пособии, посвященном новой прикладной дисциплине, возникшей на стыке экспериментальной химии и математики, даны теоретические основы обоснования основных методов и приемов статистической обработки экспериментальных данных химического анализа. Рассмотрены характеристики методик измерения экспериментальных величин, способы их оценивания и нормирования. Обсуждены способы оценки случайных и систематических погрешностей при метрологической аттестации химиче­ского состава различных объектов. Даны точные рекомендации по точеч­ным и интервальным (доверительным) оценкам как истинного значения измеряемой величины и точности измерений, так и параметров эмпириче­ских формул. Приведены простейшие методы проверки гипотез и основные сведения о корреляционных и регрессионных зависимостях.В пособии также рассматриваются вопросы, связанные с использова­нием хемометрических процедур при анализе экспериментальных данных в различных областях химии, приводятся примеры практических заданий. Хемометрика использует математические, статистические и другие методы для извлечения достоверной химической информации из эксперименталь­ных данных.Пособие написано на основе курса «Хемометрика» и предназначено для студентов бакалавриата, обучающихся по направлению «Химия» (04.03.01) и специальности «Фундаментальная химия» (04.05.01), а также магистратуры, обучающихся по направлению «Химия» (04.04.01) по на­правлениям «Педагогическое образование» (44.04.01) - «Химическое об­разование». Пособие также может быть полезно при чтении лекций и про­ведении лабораторно-практических занятий для студентов различных форм обучения других направлений.
Sprog:russisk
Udgivet: Москва, Русайнс, 2016
Fag:
Format: MixedMaterials Bog
KOHA link:https://koha.lib.tpu.ru/cgi-bin/koha/opac-detail.pl?biblionumber=316775

MARC

LEADER 00000nam0a2200000 4500
001 316775
005 20231102002916.0
010 |a 9785436506944 
035 |a (RuTPU)RU\TPU\book\342243 
090 |a 316775 
100 |a 20160329d2016 m y0rusy50 ca 
101 0 |a rus 
102 |a RU 
105 |a a j 001zy 
200 1 |a Хемометрика. Лабораторный практикум  |e учебно-методическое пособие  |f Е. Ю. Шачнева 
210 |a Москва  |c Русайнс  |d 2016 
215 |a 143 с.  |c ил. 
320 |a Библиогр.: с. 143 
330 |a В настоящем пособии, посвященном новой прикладной дисциплине, возникшей на стыке экспериментальной химии и математики, даны теоретические основы обоснования основных методов и приемов статистической обработки экспериментальных данных химического анализа. Рассмотрены характеристики методик измерения экспериментальных величин, способы их оценивания и нормирования. Обсуждены способы оценки случайных и систематических погрешностей при метрологической аттестации химиче­ского состава различных объектов. Даны точные рекомендации по точеч­ным и интервальным (доверительным) оценкам как истинного значения измеряемой величины и точности измерений, так и параметров эмпириче­ских формул. Приведены простейшие методы проверки гипотез и основные сведения о корреляционных и регрессионных зависимостях.В пособии также рассматриваются вопросы, связанные с использова­нием хемометрических процедур при анализе экспериментальных данных в различных областях химии, приводятся примеры практических заданий. Хемометрика использует математические, статистические и другие методы для извлечения достоверной химической информации из эксперименталь­ных данных.Пособие написано на основе курса «Хемометрика» и предназначено для студентов бакалавриата, обучающихся по направлению «Химия» (04.03.01) и специальности «Фундаментальная химия» (04.05.01), а также магистратуры, обучающихся по направлению «Химия» (04.04.01) по на­правлениям «Педагогическое образование» (44.04.01) - «Химическое об­разование». Пособие также может быть полезно при чтении лекций и про­ведении лабораторно-практических занятий для студентов различных форм обучения других направлений. 
606 1 |a Хемометрика  |2 stltpush  |3 (RuTPU)RU\TPU\subj\17174  |9 42977 
610 1 |a история 
610 1 |a химический анализ 
610 1 |a метрологические основы 
610 1 |a измерения 
610 1 |a градуировка 
610 1 |a образцы 
610 1 |a погрешности 
610 1 |a экспериментальные данные 
610 1 |a градуировочная зависимость 
610 1 |a учебные пособия 
610 1 |a лабораторные практикумы 
610 1 |a лабораторные работы 
675 |a 543.08(076.5)  |v 4 
700 1 |a Шачнева  |b Е. Ю. 
801 1 |a RU  |b 63413507  |c 20160329 
801 2 |a RU  |b 63413507  |c 20161004  |g RCR 
900 |a Хемометрика 
942 |c BK 
959 |a 31/20160318  |d 3  |e 490,00  |f ЧЗТЛ:1  |f УФ:2